| 000 | 00513nam a22001697a 4500 | ||
|---|---|---|---|
| 005 | 20251108172055.0 | ||
| 008 | 250721s1994 xx 000 0 ara d | ||
| 082 | 1 | 4 | _aط/ق/حمد |
| 100 | 1 | _aعمارة، حمدي | |
| 245 | 1 | 0 | _aحكايات الدب الأبيض / |
| 264 | 1 |
_aالقاهرة : _bالدار المصرية اللبنانية، _c1994. |
|
| 300 | _a15ص : رسومات | ||
| 490 | 0 | _aأصدقائي ، 5 | |
| 700 | 1 |
_aبدران، منال _eرسوم |
|
| 942 |
_2ddc _cBK |
||
| 999 |
_c69764 _d69764 |
||